League of Legends - Piltover - Statistiken

Allgemein
  • Dieses Quiz wurde 231 mal gespielt
  • Das Durchschnittsergebnis liegt bei 5 aus 8
Antwortstatistiken
Antwort % Korrekt
Caitlyn
97%
Vi
97%
Heimerdinger
92%
Jayce
91%
Camille
48%
Ezreal
41%
Orianna
39%
Seraphine
35%
Keine übereinstimmenden Quizze gefunden
Verteilung der Resultate
Anzahl Personen mit jedem Resultat
Perzentil nach korrekt beantworteten Fragen
Ihre Resultats-Entwicklung
Sie haben dieses Quiz noch nicht gespielt